QED : (Record no. 594083)

000 -LEADER
fixed length control field 01091cam a2200289 a 4500
001 - CONTROL NUMBER
control field 971706
005 - DATE AND TIME OF LATEST TRANSACTION
control field 20230322140243.0
008 - FIXED-LENGTH DATA ELEMENTS--GENERAL INFORMATION
fixed length control field 850429s1985 njua 001 0 eng
010 ## - LIBRARY OF CONGRESS CONTROL NUMBER
LC control number 85042685
020 ## - INTERNATIONAL STANDARD BOOK NUMBER
International Standard Book Number 0691083886 (alk. paper) :
Terms of availability $17.97
040 ## - CATALOGING SOURCE
Original cataloging agency DLC
Transcribing agency DLC
Modifying agency OCoLC
-- DLC
050 00 - LIBRARY OF CONGRESS CALL NUMBER
Classification number QC793.5.P422
Item number F48 1985
082 00 - DEWEY DECIMAL CLASSIFICATION NUMBER
Classification number 539.75
Edition number 19
Author Mark FEY
100 1# - MAIN ENTRY--PERSONAL NAME
Personal name Feynman, Richard P.
Fuller form of name (Richard Phillips),
Dates associated with a name 1918-1988.
9 (RLIN) 110597
245 10 - TITLE STATEMENT
Title QED :
Remainder of title the strange theory of light and matter /
Statement of responsibility, etc. Richard Feynman.
260 ## - PUBLICATION, DISTRIBUTION, ETC.
Place of publication, distribution, etc. Princeton, N.J. :
Name of publisher, distributor, etc. Princeton University Press,
Date of publication, distribution, etc. c1985.
300 ## - PHYSICAL DESCRIPTION
Extent x, 158 p. :
Other physical details ill. ;
Dimensions 23 cm.
440 #0 - SERIES STATEMENT/ADDED ENTRY--TITLE
Title Alix G. Mautner memorial lectures
9 (RLIN) 111096
500 ## - GENERAL NOTE
General note Includes index.
650 #0 - SUBJECT ADDED ENTRY--TOPICAL TERM
Topical term or geographic name entry element Photons.
9 (RLIN) 111097
650 #0 - SUBJECT ADDED ENTRY--TOPICAL TERM
Topical term or geographic name entry element Electrons.
9 (RLIN) 45166
650 #0 - SUBJECT ADDED ENTRY--TOPICAL TERM
Topical term or geographic name entry element Quantum electrodynamics.
9 (RLIN) 61717
856 41 - ELECTRONIC LOCATION AND ACCESS
Materials specified Sample text
Uniform Resource Identifier <a href="http://www.loc.gov/catdir/samples/prin031/85042685.html">http://www.loc.gov/catdir/samples/prin031/85042685.html</a>
856 42 - ELECTRONIC LOCATION AND ACCESS
Materials specified Publisher description
Uniform Resource Identifier <a href="http://www.loc.gov/catdir/enhancements/fy0654/85042685-d.html">http://www.loc.gov/catdir/enhancements/fy0654/85042685-d.html</a>
906 ## - LOCAL DATA ELEMENT F, LDF (RLIN)
a 7
b cbc
c orignew
d 1
e ocip
f 19
g y-gencatlg
942 ## - ADDED ENTRY ELEMENTS (KOHA)
Source of classification or shelving scheme
Koha item type Book
Holdings
Withdrawn status Lost status Source of classification or shelving scheme Damaged status Not for loan Permanent Location Current Location Shelving location Date acquired Full call number Barcode Date last seen Price effective from Koha item type
          School of Mechanical & Manufacturing Engineering (SMME) School of Mechanical & Manufacturing Engineering (SMME) Aerospace Engineering 03/22/2023 539.75 FEY SMME-4090 03/22/2023 03/22/2023 Book
© 2023 Central Library, National University of Sciences and Technology. All Rights Reserved.